Traduction de noms de pays du français à l'espagnol - Statistiques

Statistiques générales
  • Ce quiz a été pris 101 fois
  • Le résultat moyen est 10 sur 40
Statistiques - réponses
En français En espagnol % Correct
Chili Chile
69%
Belgique Belgica
68%
États-Unis Estados Unidos
65%
Équateur Ecuador
57%
Autriche Austria
47%
Corée du Nord Corea del Norte
46%
Afrique du Sud Sudafrica
44%
Maroc Marruecos
43%
Ouganda Uganda
35%
Luxembourg Luxemburgo
33%
Pays-Bas Paises Bajos
32%
Suisse Suiza
31%
Bhoutan Bútan
29%
Royaume-Uni Reino Unido
29%
Philippines Filipinas
28%
Norvège Noruega
28%
Saint-Marin San Marino
28%
Malaisie Malasia
24%
Danemark Dinamarca
22%
Nouvelle-Zélande Nueva Zelandia
22%
Rwanda Ruanda
22%
Algérie Argelia
21%
Suède Suecia
21%
Égypte Egipto
19%
Soudan du Sud Sudan del Sur
19%
Guinée Équatoriale Guinea Ecuatorial
17%
Arabie Saoudite Arabia Saudí
15%
Qatar Catar
15%
Slovénie Eslovenia
14%
Zimbabwe Zimbabue
14%
République Tchèque Republica Checa
13%
Émirats Arabes Unis Emiratos Árabes Unidos
10%
Fidji Fiyi
8%
Koweït Kuwait
8%
Tunisie Túnez
8%
Saint-Vincent-et-les-Grenadines San Vincente y Granadinas
7%
Cambodge Camboya
6%
Tadjikistan Tayikistan
4%
Djibouti Yibuti
3%
Papouasie Nouvelle-Guinée Papua Nueva Guinea
1%
Aucun quiz correspondant
Distribution des résultats
% des personnes avec chaque résultat
Percentile par nombre de réponses
Votre historique - résultats
Vous n’avez pas pris ce quiz